[Event "53rd World U20 ch"]
[Site "Pune IND"]
[Date "2014.10.18"]
[Round "12.27"]
[White "Koksal, Ege"]
[Black "Yogesh, Gautam"]
[Result "1-0"]
[WhiteElo "2321"]
[BlackElo "2144"]
[EventDate "2014.10.06"]
[PlyCount "101"]

1.d4 d5 2.c4 e6 3.Nf3 Nf6 4.Nc3 Be7 5.Bg5 O-O 6.e3 h6 7.Bh4 Ne4 8.Bxe7 
Qxe7 9.Rc1 c6 10.Bd3 Nxc3 11.Rxc3 dxc4 12.Bxc4 Nd7 13.O-O e5 14.Qc2 e4 15.
Nd2 Nf6 16.Rb1 Nd5 17.Bxd5 cxd5 18.Rc1 Bd7 19.Rc7 b6 20.Qb3 Qd6 21.Nb1 
Rfc8 22.Rxc8+ Rxc8 23.Rxc8+ Bxc8 24.Nc3 Be6 25.Qa4 Qc7 26.h3 g5 27.Qb5 Qd6
28.Qe8+ Kg7 29.a3 h5 30.Qa8 g4 31.hxg4 hxg4 32.Qxa7 g3 33.Qa6 gxf2+ 34.
Kxf2 Qh2 35.Qf1 Kg6 36.Ne2 Kg5 37.Ke1 Kg6 38.Kd2 Kg7 39.Nf4 Kg8 40.Qe2 Qg1
41.Qe1 Qh2 42.Kc3 Kf8 43.Kb4 Ke7 44.Qc3 Qg1 45.Kb5 Qd1 46.b3 Kf6 47.Kxb6 
Kg5 48.a4 Qf1 49.a5 Kg4 50.a6 Bd7 51.Qc5 1-0

[Event "53rd World U20 ch"]
[Site "Pune IND"]
[Date "2014.10.18"]
[Round "12.28"]
[White "Rajdeep, Sarkar"]
[Black "Lokesh, P."]
[Result "0-1"]
[WhiteElo "2145"]
[BlackElo "2303"]
[EventDate "2014.10.06"]
[PlyCount "86"]

1.d4 Nf6 2.Nf3 e6 3.c4 c5 4.g3 b6 5.Bg2 Bb7 6.O-O Be7 7.d5 exd5 8.Nh4 O-O 
9.Nc3 g6 10.Nxd5 Nxd5 11.Bxd5 Bxd5 12.Qxd5 Na6 13.Ng2 Nc7 14.Qb7 b5 15.Bf4
d6 16.b3 bxc4 17.bxc4 Ne6 18.Rfd1 Nd4 19.Kf1 Re8 20.Be3 Ne6 21.Qd5 Qa5 22.
Qd2 Qa4 23.Rac1 Rab8 24.Nf4 Nxf4 25.Bxf4 Bf8 26.Qc2 Qc6 27.f3 Rb4 28.Rb1 
Reb8 29.a3 R4b6 30.Rxb6 Rxb6 31.Rb1 d5 32.cxd5 Rxb1+ 33.Qxb1 Qxd5 34.Qb8 
Qd7 35.Bh6 Qh3+ 36.Kg1 Qxh6 37.Qxa7 c4 38.f4 Qh5 39.Qa4 Qc5+ 40.Kf1 c3 41.
Qc2 Qxa3 42.Ke1 Qa1+ 43.Qd1 Qb2 0-1

[Event "53rd World U20 ch"]
[Site "Pune IND"]
[Date "2014.10.18"]
[Round "12.29"]
[White "Puranik, Abhimanyu"]
[Black "Mohammad, Ashraf"]
[Result "1-0"]
[WhiteElo "2269"]
[BlackElo "2132"]
[EventDate "2014.10.06"]
[PlyCount "90"]

1.e4 c5 2.Nf3 d6 3.d4 cxd4 4.Nxd4 Nf6 5.Nc3 a6 6.f4 Nbd7 7.a4 g6 8.Nf3 Qa5
9.Bd3 Bg7 10.O-O O-O 11.Kh1 Nc5 12.Qe2 Nxd3 13.Qxd3 Be6 14.Nd4 Bd7 15.Bd2 
Qc5 16.Be3 Qc7 17.Rae1 Rad8 18.f5 e5 19.fxe6 fxe6 20.Nf3 Ng4 21.Bg5 Rde8 
22.h3 Ne5 23.Nxe5 Bxe5 24.Bh6 Rxf1+ 25.Rxf1 Bc6 26.b3 Qd7 27.Nd5 Qd8 28.
Ne3 Qe7 29.Ng4 Bh8 30.Qf3 Bg7 31.Bxg7 Kxg7 32.Qe3 Rf8 33.Rd1 e5 34.c4 Rf4 
35.Kh2 g5 36.c5 dxc5 37.Nf2 h5 38.g3 Rf8 39.Nd3 g4 40.hxg4 hxg4 41.Qe2 Qg5
42.Nxc5 Qg6 43.Kg1 Rf3 44.Rd3 b6 45.Nd7 Bxe4 1-0

[Event "53rd World U20 ch"]
[Site "Pune IND"]
[Date "2014.10.18"]
[Round "12.30"]
[White "Praggnanandhaa, R."]
[Black "Deac, Bogdan-Daniel"]
[Result "0-1"]
[WhiteElo "1836"]
[BlackElo "2402"]
[EventDate "2014.10.06"]
[PlyCount "98"]

1.e4 c5 2.Nf3 e6 3.Nc3 a6 4.a4 Qc7 5.Be2 Nc6 6.O-O Nf6 7.d3 Be7 8.h3 O-O 
9.Be3 d5 10.exd5 exd5 11.d4 c4 12.Nh2 Qb6 13.Rb1 Qa5 14.Bg5 h6 15.Bh4 Bf5 
16.Bf3 g5 17.Bg3 Rad8 18.Bg4 Bg6 19.h4 Ne4 20.Nxe4 dxe4 21.c3 gxh4 22.Bf4 
Bg5 23.Be3 Bxe3 24.fxe3 Ne7 25.Bh3 Qg5 26.Qe2 Nd5 27.Rbe1 b5 28.a5 f5 29.
Qd2 Bh5 30.Kh1 Bg4 31.Rg1 h5 32.Nf1 Rd6 33.Qf2 Rg6 34.Nd2 Rf7 35.Kh2 Rfg7 
36.b3 cxb3 37.Nxb3 Bxh3 38.gxh3 Qg3+ 39.Qxg3 hxg3+ 40.Kg2 f4 41.exf4 Nxf4+
42.Kf1 g2+ 43.Kf2 Rg3 44.Nd2 e3+ 45.Rxe3 Nxh3+ 46.Ke2 Nxg1+ 47.Kd3 Nh3 48.
Nf3 Rxf3 49.Rxf3 g1=Q 0-1

[Event "53rd World U20 ch"]
[Site "Pune IND"]
[Date "2014.10.18"]
[Round "12.31"]
[White "Cabarkapa, Novak"]
[Black "Pranav, Shetty"]
[Result "1-0"]
[WhiteElo "2379"]
[BlackElo "2191"]
[EventDate "2014.10.06"]
[PlyCount "67"]

1.e4 c5 2.Nc3 a6 3.Nge2 b5 4.g4 Bb7 5.Bg2 e6 6.O-O h5 7.gxh5 Rxh5 8.Ng3 
Rh8 9.h3 b4 10.Nce2 Nf6 11.a3 a5 12.axb4 axb4 13.Rxa8 Bxa8 14.d4 d5 15.e5 
Nfd7 16.c3 Nc6 17.Be3 Bb7 18.Re1 Qa5 19.c4 dxc4 20.d5 exd5 21.Bxd5 Qc7 22.
Bf4 Ncxe5 23.Bxe5 Nxe5 24.Nf4 Bc8 25.Qe2 Bd6 26.Ne4 f6 27.Bxc4 Kf8 28.Nxd6
Rh6 29.Qh5 Qxd6 30.Rxe5 Qd7 31.Re8+ Qxe8 32.Qxc5+ Qe7 33.Qxc8+ Qe8 34.Ne6+
1-0

[Event "53rd World U20 ch"]
[Site "Pune IND"]
[Date "2014.10.18"]
[Round "12.32"]
[White "Siva, Mahadevan"]
[Black "Prince, Bajaj"]
[Result "0-1"]
[WhiteElo "2141"]
[BlackElo "2369"]
[EventDate "2014.10.06"]
[PlyCount "94"]

1.e4 c5 2.Nf3 e6 3.d4 cxd4 4.Nxd4 Nc6 5.Nc3 Qc7 6.Be3 a6 7.Be2 Nf6 8.O-O 
Be7 9.f4 d6 10.a4 O-O 11.Kh1 Re8 12.Bf3 Rb8 13.Qd2 Bd7 14.Nb3 b6 15.g4 Bc8
16.g5 Nd7 17.Bg2 Na5 18.Qf2 Nc4 19.Bc1 Bf8 20.Nd4 Bb7 21.b3 Na5 22.Bb2 g6 
23.Rad1 Nc6 24.Nxc6 Bxc6 25.Rd3 b5 26.axb5 axb5 27.b4 Bg7 28.Rfd1 Nb6 29.
Qh4 Nc4 30.Ba1 Ra8 31.Rh3 Qa7 32.Qxh7+ Kf8 33.Na2 Bxa1 34.Rxa1 Qd4 35.c3 
Rxa2 36.cxd4 Rxa1+ 37.Bf1 Rxf1+ 38.Kg2 Rxf4 39.Kg3 e5 40.d5 Bb7 41.Kg2 
Rxe4 42.Qh8+ Ke7 43.Qf6+ Kd7 44.Qxf7+ Re7 45.Qxg6 Bxd5 46.Rd3 Rd4+ 47.Kg3 
Be4 0-1

[Event "53rd World U20 ch"]
[Site "Pune IND"]
[Date "2014.10.18"]
[Round "12.33"]
[White "Gahwiler, Gabriel"]
[Black "Rindlisbacher, Jan"]
[Result "1-0"]
[WhiteElo "2360"]
[BlackElo "2217"]
[EventDate "2014.10.06"]
[PlyCount "99"]

1.d4 Nf6 2.Nf3 e6 3.e3 d5 4.Bd3 c5 5.b3 cxd4 6.exd4 Nc6 7.O-O Bd6 8.Bb2 
Bd7 9.Nbd2 O-O 10.a3 Ne7 11.Ne5 Bc6 12.Qe2 Rc8 13.f4 b5 14.Nxc6 Rxc6 15.c3
a6 16.b4 Qc7 17.g3 Nf5 18.Nf3 Ng4 19.Bxf5 exf5 20.Ne5 Re8 21.Qd3 Bxe5 22.
fxe5 Nh6 23.a4 bxa4 24.Rxa4 f6 25.Rxa6 fxe5 26.Qb5 Rc8 27.Qxd5+ Nf7 28.
Rxc6 Qxc6 29.Qxc6 Rxc6 30.Rxf5 exd4 31.b5 Rc4 32.cxd4 Rb4 33.Ba3 Rxd4 34.
b6 Rd1+ 35.Kg2 Rb1 36.Rc5 h5 37.Rc8+ Kh7 38.Bc5 Ne5 39.Bd4 Nf7 40.Rc7 Kg6 
41.Rd7 Rb3 42.b7 Nd8 43.Rxd8 Rxb7 44.Rg8 Rd7 45.Rxg7+ Rxg7 46.Bxg7 Kxg7 
47.Kf3 Kf6 48.Kf4 Kg6 49.h3 Kf6 50.h4 1-0

[Event "53rd World U20 ch"]
[Site "Pune IND"]
[Date "2014.10.18"]
[Round "12.34"]
[White "Nishant, Malhotra"]
[Black "Harsha, Bharathakoti"]
[Result "1-0"]
[WhiteElo "2129"]
[BlackElo "2296"]
[EventDate "2014.10.06"]
[PlyCount "87"]

1.d4 e6 2.c4 c5 3.d5 exd5 4.cxd5 d6 5.Nc3 a6 6.a4 Ne7 7.e4 Ng6 8.Bd3 Be7 
9.Nge2 O-O 10.O-O Nd7 11.f4 Re8 12.b3 Bf6 13.Be3 b6 14.Rc1 Bb7 15.Ng3 Bxc3
16.Rxc3 Nf6 17.Bc1 Bc8 18.Bb2 Ng4 19.Bb1 b5 20.h3 Nf6 21.axb5 axb5 22.Rcf3
Ra7 23.R3f2 Nf8 24.Rd2 Ng6 25.e5 dxe5 26.fxe5 Nxe5 27.Qc2 Qd6 28.Nh5 Nxh5 
29.Qxh7+ Kf8 30.Qh8+ Ke7 31.Qxh5 Kd8 32.Qh4+ f6 33.Qf2 Rc7 34.Rc1 Bb7 35.
Bf5 Bc8 36.Be6 Nd3 37.Bxf6+ gxf6 38.Qxf6+ Rce7 39.Rxd3 Bxe6 40.Rdd1 Kc7 
41.dxe6 Qxe6 42.Rxc5+ Kb6 43.Rd6+ Kxc5 44.Qd4# 1-0

[Event "53rd World U20 ch"]
[Site "Pune IND"]
[Date "2014.10.18"]
[Round "12.35"]
[White "Swain, Ashirwad"]
[Black "Navalgund, Niranjan"]
[Result "1/2-1/2"]
[WhiteElo "1998"]
[BlackElo "2267"]
[EventDate "2014.10.06"]
[PlyCount "87"]

1.d4 Nf6 2.c4 c6 3.Nc3 d5 4.Nf3 dxc4 5.a4 Bf5 6.e3 e6 7.Bxc4 Bb4 8.O-O 
Nbd7 9.Bd2 a5 10.Qe2 O-O 11.e4 Bg6 12.e5 Nd5 13.Nxd5 cxd5 14.Bxb4 axb4 15.
Bb5 Bh5 16.Qe3 Nb6 17.b3 Nc8 18.Bd3 Bxf3 19.Qxf3 f6 20.Qh3 f5 21.Rac1 Na7 
22.f4 Qb6 23.Rc5 Nc6 24.Qe3 Rfc8 25.Rfc1 Ne7 26.Bb5 Rxc5 27.Rxc5 Rc8 28.
Qc1 Nc6 29.Kf2 Kf7 30.a5 Qxa5 31.Bxc6 Rxc6 32.Rxc6 bxc6 33.Qxc6 Qa2+ 34.
Kg3 Qa7 35.Qb5 Qe7 36.Kf3 Kg6 37.g3 h6 38.Qb6 Kf7 39.Qb8 Kg6 40.Qb6 Kh7 
41.Qd6 Qf7 42.Ke3 Qh5 43.Qxe6 Qxh2 44.Qxf5+ 1/2-1/2

[Event "53rd World U20 ch"]
[Site "Pune IND"]
[Date "2014.10.18"]
[Round "12.36"]
[White "Yogit, S."]
[Black "Prasannaa, S."]
[Result "1-0"]
[WhiteElo "1954"]
[BlackElo "2232"]
[EventDate "2014.10.06"]
[PlyCount "153"]

1.e4 b6 2.d4 Bb7 3.Nc3 e6 4.Bd3 Bb4 5.Ne2 c5 6.O-O d6 7.Nb1 Qd7 8.c3 Ba5 
9.Na3 d5 10.exd5 exd5 11.Ng3 Ne7 12.Nh5 Kf8 13.Bf4 Ng6 14.Qf3 c4 15.Rfe1 
Bc6 16.Nf6 Qd8 17.Nxh7+ Kg8 18.Bxg6 fxg6 19.Ng5 b5 20.Nf7 Qf6 21.Nxh8 Nd7 
22.Nxg6 Qxg6 23.Qg3 Qf7 24.Nc2 Nf6 25.Be5 Ne4 26.Qf4 Qg6 27.f3 Rf8 28.Qg4 
Qxg4 29.fxg4 Bb6 30.Ne3 Re8 31.Re2 a5 32.a3 Bb7 33.Rae1 g6 34.Nxd5 Bxd5 
35.Rxe4 Bxe4 36.Rxe4 Kf7 37.h4 Re6 38.Kh2 Bd8 39.h5 Bg5 40.Kg3 Bc1 41.Re2 
Rb6 42.Bf4 Bxf4+ 43.Kxf4 b4 44.axb4 axb4 45.cxb4 Rxb4 46.Ke5 Rb3 47.Rf2+ 
Kg7 48.d5 c3 49.bxc3 Rxc3 50.d6 Rd3 51.Ke6 Re3+ 52.Kd7 Re4 53.hxg6 Rxg4 
54.Kc7 Rc4+ 55.Kd8 Kxg6 56.d7 Kg7 57.Rd2 Kf7 58.Rf2+ Kg7 59.Ke7 Re4+ 60.
Kd6 Rd4+ 61.Ke6 Rd1 62.Rf5 Rd2 63.Rd5 Re2+ 64.Kd6 Rxg2 65.d8=Q Rg6+ 66.Kc7
Rf6 67.Rd7+ Kg6 68.Qe8+ Kg5 69.Rd5+ Kh6 70.Rd6 Rxd6 71.Kxd6 Kg5 72.Qe4 Kf6
73.Qf4+ Kg6 74.Ke6 Kg7 75.Qf6+ Kh7 76.Qg5 Kh8 77.Kf7 1-0

[Event "53rd World U20 ch"]
[Site "Pune IND"]
[Date "2014.10.18"]
[Round "12.37"]
[White "Chakravarthi Reddy, M."]
[Black "Sammed Jaykumar, Shete"]
[Result "1-0"]
[WhiteElo "2217"]
[BlackElo "2139"]
[EventDate "2014.10.06"]
[PlyCount "77"]

1.d4 Nf6 2.Nf3 d5 3.g3 c6 4.Bg2 Bf5 5.O-O e6 6.c4 Be7 7.Nc3 O-O 8.Nh4 Bg6 
9.Nxg6 hxg6 10.b3 Nbd7 11.Bb2 Qa5 12.a3 dxc4 13.bxc4 Nb6 14.Qb3 Qa6 15.c5 
Nc4 16.Bc1 Rac8 17.Rd1 Na5 18.Qa4 b6 19.Bf1 Qc4 20.Qb4 Nd5 21.Nxd5 Qxd5 
22.Bf4 Rfd8 23.Bg2 Qh5 24.Bf3 Qh3 25.Rab1 Rd7 26.Qa4 Bd8 27.Qc2 b5 28.a4 
a6 29.axb5 axb5 30.Ra1 Qf5 31.Be4 Qf6 32.Qc3 Nc4 33.h4 Qe7 34.Qf3 e5 35.
Bg5 f6 36.Bxg6 fxg5 37.Qh5 Qf6 38.Qh7+ Kf8 39.Qh8+ 1-0

[Event "53rd World U20 ch"]
[Site "Pune IND"]
[Date "2014.10.18"]
[Round "12.44"]
[White "Praneeth Surya, K."]
[Black "Gandhi, Anish"]
[Result "1-0"]
[WhiteElo "2251"]
[BlackElo "2068"]
[EventDate "2014.10.06"]
[PlyCount "69"]

1.e4 c6 2.d4 d5 3.e5 c5 4.Nf3 Nc6 5.dxc5 Bg4 6.Bb5 e6 7.b4 a5 8.c3 Qc7 9.
Nbd2 b6 10.cxb6 Qxb6 11.Qa4 Ne7 12.bxa5 Rxa5 13.Bxc6+ Nxc6 14.Qxg4 h5 15.
Qf4 Qa6 16.a4 d4 17.c4 g5 18.Qxg5 Be7 19.Qg7 Rf8 20.O-O Qa8 21.Nb3 Kd7 22.
Nxa5 Rg8 23.Qxg8 Qxg8 24.Nxc6 Kxc6 25.Nxd4+ Kc7 26.Ba3 Bxa3 27.Rxa3 Qg4 
28.Nb5+ Kb8 29.Nd6 Kc7 30.a5 Qg8 31.a6 h4 32.h3 f6 33.a7 Qa8 34.Nb5+ Kb6 
35.exf6 1-0

[Event "53rd World U20 ch"]
[Site "Pune IND"]
[Date "2014.10.18"]
[Round "12.48"]
[White "Sudarshan, Malga"]
[Black "Megalios, Konstantinos"]
[Result "1-0"]
[WhiteElo "2007"]
[BlackElo "2196"]
[EventDate "2014.10.06"]
[PlyCount "79"]

1.c4 Nf6 2.Nc3 e6 3.e4 e5 4.g3 Bc5 5.Bg2 O-O 6.Nge2 Nc6 7.O-O d6 8.d3 h6 
9.h3 Nh7 10.Kh2 f5 11.Be3 Bb6 12.Qd2 Nf6 13.Rae1 Be6 14.b3 Qd7 15.d4 exd4 
16.Nxd4 Nxd4 17.Bxd4 Rae8 18.exf5 Bxf5 19.Bxf6 Rxe1 20.Rxe1 Rxf6 21.Nd5 
Rf8 22.Nxb6 axb6 23.Qd5+ Kh8 24.Qxb7 Qd8 25.f4 Bc8 26.Qd5 Bd7 27.Qh5 Qf6 
28.Re2 Bf5 29.Bd5 Kh7 30.Qxf5+ Qxf5 31.Be4 Kg6 32.Bxf5+ Rxf5 33.Re7 Rc5 
34.Kg2 Kf6 35.Re2 b5 36.cxb5 Rxb5 37.Kf3 Rc5 38.a4 Rc3+ 39.Re3 Rc1 40.g4 
1-0

[Event "53rd World U20 ch"]
[Site "Pune IND"]
[Date "2014.10.18"]
[Round "12.49"]
[White "Nazario, Marc Christian"]
[Black "Rakesh, Kumar Jena"]
[Result "1-0"]
[WhiteElo "2029"]
[BlackElo "2164"]
[EventDate "2014.10.06"]
[PlyCount "71"]

1.e4 c5 2.Nf3 Nc6 3.Nc3 e6 4.g3 d5 5.d3 Nf6 6.Bg2 dxe4 7.Nxe4 Nxe4 8.dxe4 
Qxd1+ 9.Kxd1 e5 10.c3 Bg4 11.h3 O-O-O+ 12.Kc2 Bh5 13.g4 Bg6 14.Nh4 Be7 15.
Nxg6 hxg6 16.Be3 g5 17.Rhd1 Kc7 18.Bf1 b6 19.Bc4 Rxh3 20.Bxf7 Rf8 21.Be6 
Nd4+ 22.cxd4 exd4 23.e5 b5 24.a4 b4 25.Rd3 dxe3 26.Rd7+ Kc6 27.Rxe7 Rxf2+ 
28.Kd3 e2+ 29.Kd2 e1=Q+ 30.Kxe1 Rxb2 31.Bd7+ Kd5 32.Rd1+ Ke4 33.Bc6+ Ke3 
34.Rf7 c4 35.e6 Rg3 36.Kf1 1-0

[Event "53rd World U20 ch"]
[Site "Pune IND"]
[Date "2014.10.18"]
[Round "12.50"]
[White "Chaithanyaa, K. G."]
[Black "Pastar, Slaven"]
[Result "1-0"]
[WhiteElo "2029"]
[BlackElo "2159"]
[EventDate "2014.10.06"]
[PlyCount "67"]

1.e4 c5 2.Nf3 e6 3.d4 cxd4 4.Nxd4 Nf6 5.Nc3 Nc6 6.a3 d5 7.Bb5 Bd7 8.exd5 
exd5 9.O-O Be7 10.Bg5 O-O 11.Re1 Rc8 12.h3 h6 13.Be3 Bd6 14.Nf3 Be6 15.Bf1
Bb8 16.Nb5 Bf5 17.Nbd4 Bg6 18.Bd3 Ne4 19.Nxc6 Rxc6 20.Bd4 Re8 21.Bb5 Qd6 
22.c4 Bh5 23.g4 Bxg4 24.hxg4 Qf4 25.Bxc6 Qxg4+ 26.Kf1 Re6 27.Ng1 Qf4 28.
Bxd5 Ng3+ 29.Kg2 Rg6 30.Re8+ Kh7 31.Qd3 Ne4+ 32.Kf1 Nd2+ 33.Ke2 Nb3 34.Be3
1-0

[Event "53rd World U20 ch"]
[Site "Pune IND"]
[Date "2014.10.18"]
[Round "12.51"]
[White "Godbole, Atharva"]
[Black "Nihal, Sarin"]
[Result "1/2-1/2"]
[WhiteElo "2009"]
[BlackElo "2018"]
[EventDate "2014.10.06"]
[PlyCount "51"]

1.e4 e6 2.d4 d5 3.e5 c5 4.c3 Nc6 5.Nf3 Qb6 6.a3 Nh6 7.b4 cxd4 8.cxd4 Nf5 
9.Be3 Be7 10.Bd3 Bd7 11.Bxf5 exf5 12.Nc3 Be6 13.O-O Qd8 14.Ne1 O-O 15.Nd3 
Rc8 16.Rc1 b6 17.Qb3 g5 18.f4 g4 19.Rc2 a5 20.Rfc1 axb4 21.axb4 Qd7 22.Na4
Qb7 23.Nc3 Qd7 24.Na4 Qb7 25.Nc3 Qd7 26.Na4 1/2-1/2

[Event "53rd World U20 ch"]
[Site "Pune IND"]
[Date "2014.10.18"]
[Round "12.52"]
[White "Nitish, Belurkar"]
[Black "Raja, Harshit"]
[Result "1/2-1/2"]
[WhiteElo "2046"]
[BlackElo "2000"]
[EventDate "2014.10.06"]
[PlyCount "127"]

1.e4 c5 2.c3 d5 3.exd5 Qxd5 4.d4 Nc6 5.Nf3 Nf6 6.Be2 Bg4 7.O-O e6 8.h3 Bh5
9.Be3 cxd4 10.cxd4 Bb4 11.a3 Ba5 12.Nc3 Qd6 13.Nb5 Qe7 14.Ne5 Bxe2 15.Qxe2
O-O 16.Rac1 Rac8 17.b4 Bb6 18.Nxc6 Rxc6 19.Rxc6 bxc6 20.Nc3 a5 21.Qc4 axb4
22.axb4 Qd6 23.Rc1 h5 24.b5 cxb5 25.Nxb5 Qb8 26.Nc3 Rc8 27.Qd3 Qd6 28.Qa6 
Qd8 29.Qd3 e5 30.d5 Ba5 31.Kh2 Rxc3 32.Rxc3 e4 33.Qc2 Bxc3 34.Qxc3 Qxd5 
35.Bd4 Ne8 36.Qc8 Qd6+ 37.Kg1 Qe7 38.Qf5 g6 39.Qc8 Kh7 40.Qc6 Ng7 41.Bxg7 
Kxg7 42.Qc3+ Qf6 43.Qe3 Qe5 44.Qa7 g5 45.Qe3 Kg6 46.Qb6+ Qf6 47.Qe3 Qe6 
48.Qd4 f5 49.Qd8 f4 50.h4 gxh4 51.Qxh4 f3 52.Qg3+ Qg4 53.Qd6+ Kh7 54.Qe7+ 
Kh6 55.Qf6+ Qg6 56.Qf4+ Kg7 57.Qe5+ Kf7 58.g3 Kg8 59.Qb8+ Kh7 60.Qe5 Kh6 
61.Qh8+ Kg5 62.Qe5+ Qf5 63.Qg7+ Qg6 64.Qe5+ 1/2-1/2

[Event "53rd World U20 ch"]
[Site "Pune IND"]
[Date "2014.10.18"]
[Round "12.53"]
[White "Ronka, Erik"]
[Black "Horton, Jamie"]
[Result "1/2-1/2"]
[WhiteElo "2183"]
[BlackElo "2064"]
[EventDate "2014.10.06"]
[PlyCount "49"]

1.d4 Nf6 2.c4 e6 3.Nc3 d5 4.cxd5 exd5 5.Bg5 c6 6.Qc2 Be7 7.e3 Nbd7 8.Bd3 
Nh5 9.Bxe7 Qxe7 10.Nge2 Nb6 11.O-O-O g6 12.Ng3 Ng7 13.Kb1 Bd7 14.Rc1 O-O-O
15.Na4 Nxa4 16.Qxa4 Kb8 17.Rc3 b6 18.Rhc1 Rc8 19.Ra3 Rc7 20.Qd1 h5 21.Ne2 
Qh4 22.Qg1 Qe7 23.Qd1 Qh4 24.Qg1 Qe7 25.Qd1 1/2-1/2

[Event "53rd World U20 ch"]
[Site "Pune IND"]
[Date "2014.10.18"]
[Round "12.54"]
[White "Verhelst, Joris"]
[Black "Yashas, D."]
[Result "1-0"]
[WhiteElo "2042"]
[BlackElo "2159"]
[EventDate "2014.10.06"]
[PlyCount "101"]

1.c4 e5 2.g3 Nc6 3.Bg2 g6 4.Nc3 Bg7 5.Nf3 d6 6.O-O Nge7 7.Rb1 f5 8.d3 O-O 
9.Qc2 h6 10.b4 a6 11.b5 axb5 12.cxb5 Nb8 13.Nd2 Kh7 14.Qb3 Nd7 15.Ba3 Rb8 
16.b6 Nxb6 17.Nb5 Na8 18.Nc4 Be6 19.Qa4 d5 20.Na5 Rf7 21.Rfc1 Nb6 22.Qb3 
Nec8 23.Bc5 Rd7 24.Qb4 Na8 25.Na7 Ncb6 26.a4 Bf6 27.N7c6 bxc6 28.Nxc6 Qe8 
29.Nxb8 Qxb8 30.a5 Bd8 31.axb6 cxb6 32.Qb5 Qb7 33.e4 fxe4 34.dxe4 d4 35.f4
Qa7 36.Qc6 bxc5 37.Qxe6 d3 38.Ra1 d2 39.Rd1 Qb7 40.Rxa8 c4 41.Ra2 c3 42.f5
Rg7 43.Kh1 Qb5 44.Ra8 g5 45.Rxd8 Qe2 46.Rg1 c2 47.f6 Qf2 48.Rh8+ Kxh8 49.
fxg7+ Kxg7 50.Qd7+ Kg8 51.Qc8+ 1-0

[Event "53rd World U20 ch"]
[Site "Pune IND"]
[Date "2014.10.18"]
[Round "12.55"]
[White "Senthil, Maran K."]
[Black "Fong Yit San"]
[Result "1-0"]
[WhiteElo "2043"]
[BlackElo "2149"]
[EventDate "2014.10.06"]
[PlyCount "65"]

1.d4 Nf6 2.g3 g6 3.c4 Bg7 4.Bg2 d5 5.cxd5 Nxd5 6.Nf3 O-O 7.O-O Nc6 8.Nc3 
Nb6 9.e3 a5 10.Qe2 Be6 11.Rd1 Bc4 12.Qe1 Nb4 13.Qd2 c6 14.b3 Ba6 15.Ba3 
N4d5 16.Ne4 Nd7 17.Ne1 Re8 18.Nd3 Bb5 19.Nb2 f5 20.Nc5 Nxc5 21.Bxc5 b6 22.
Ba3 Rc8 23.Nc4 Qc7 24.Rac1 Qb8 25.Ne5 Bxe5 26.dxe5 Qxe5 27.Bb2 Qd6 28.a4 
Ba6 29.Rxc6 Rxc6 30.Bxd5+ e6 31.Qd4 Re7 32.Qh8+ Kf7 33.Qg7+ 1-0

[Event "53rd World U20 ch"]
[Site "Pune IND"]
[Date "2014.10.18"]
[Round "12.56"]
[White "Rakesh, Kumar Nayak"]
[Black "Abhijith, M."]
[Result "1/2-1/2"]
[WhiteElo "2057"]
[BlackElo "2126"]
[EventDate "2014.10.06"]
[PlyCount "69"]

1.c4 Nf6 2.Nc3 g6 3.g3 Bg7 4.Bg2 O-O 5.e4 d6 6.Nge2 e5 7.d3 Nc6 8.O-O Nh5 
9.Nd5 Nd4 10.Nxd4 exd4 11.g4 Nf6 12.Nxf6+ Bxf6 13.f4 Bg7 14.f5 Be5 15.g5 
f6 16.Qg4 fxg5 17.Bxg5 Bf6 18.h4 Kh8 19.Qf4 Bd7 20.Rf2 Rg8 21.Re1 Bc6 22.
Qd2 Bxg5 23.hxg5 gxf5 24.Rxf5 Qe7 25.Ref1 Rg7 26.Qf2 Bd7 27.Rf8+ Rxf8 28.
Qxf8+ Qxf8 29.Rxf8+ Rg8 30.Rf7 Rg7 31.Rf8+ Rg8 32.Rf7 Rg7 33.Rf8+ Rg8 34.
Rf7 Rg7 35.Rf8+ 1/2-1/2

[Event "53rd World U20 ch"]
[Site "Pune IND"]
[Date "2014.10.18"]
[Round "12.57"]
[White "Dhulipalla, Bala Chandra Prasad"]
[Black "Saim, Mohamed Ilias"]
[Result "1-0"]
[WhiteElo "2118"]
[BlackElo "2040"]
[EventDate "2014.10.06"]
[PlyCount "59"]

1.d4 Nf6 2.Bf4 g6 3.e3 Bg7 4.Nf3 d6 5.h3 O-O 6.Be2 Nbd7 7.O-O b6 8.a4 a6 
9.Nbd2 Bb7 10.Bh2 Qe8 11.a5 b5 12.c4 bxc4 13.Bxc4 e5 14.dxe5 dxe5 15.Qe2 
Qe7 16.Rac1 Kh8 17.Rfd1 Ne8 18.Nb3 Rb8 19.Nfd2 Qg5 20.Bg3 f5 21.Nf3 Qe7 
22.Rc3 Nd6 23.Bxa6 Bxa6 24.Qxa6 Rxb3 25.Rxc7 Rf6 26.Bxe5 Ne8 27.Qc8 Rf8 
28.Rcxd7 Qb4 29.Bxg7+ Nxg7 30.Rd8 1-0

[Event "53rd World U20 ch"]
[Site "Pune IND"]
[Date "2014.10.18"]
[Round "12.58"]
[White "Grahesh, Y."]
[Black "Nader, Mohamed"]
[Result "1-0"]
[WhiteElo "1919"]
[BlackElo "2098"]
[EventDate "2014.10.06"]
[PlyCount "133"]

1.c4 g6 2.Nc3 Bg7 3.g3 Nf6 4.Bg2 O-O 5.d3 d6 6.e4 c5 7.Nge2 Nc6 8.O-O a6 
9.h3 Rb8 10.a4 Ne8 11.Be3 Nd4 12.Rb1 Bd7 13.b4 b6 14.Kh2 Nc7 15.b5 axb5 
16.axb5 Bc8 17.Qd2 Qd7 18.Ng1 f5 19.Bh6 e6 20.Nge2 e5 21.Bxg7 Qxg7 22.f4 
Bb7 23.Rbe1 Qh6 24.Nxd4 cxd4 25.Na4 Ba8 26.exf5 Bxg2 27.Qxg2 Rxf5 28.fxe5 
Rxf1 29.Qxf1 dxe5 30.Rxe5 Rf8 31.Qg2 Ne8 32.Qd5+ Kh8 33.Re2 Qg7 34.Nxb6 
Nf6 35.Qxd4 h5 36.Qc5 Qh6 37.Kg2 h4 38.Nd5 Nxd5 39.Qxd5 Qc1 40.Qd4+ Kg8 
41.Qd5+ Kg7 42.Qd4+ Kg8 43.Rf2 Rxf2+ 44.Qxf2 hxg3 45.Kxg3 Qg5+ 46.Kf3 Qh5+
47.Ke4 Qxh3 48.Qf6 Qg2+ 49.Ke5 Qe2+ 50.Kd5 Qxd3+ 51.Qd4 Qf5+ 52.Qe5 Qd7+ 
53.Qd6 Qf5+ 54.Kc6 Qc8+ 55.Qc7 Qe6+ 56.Kb7 g5 57.Qd8+ Kf7 58.c5 g4 59.c6 
g3 60.c7 g2 61.Qg5 Qd7 62.b6 g1=Q 63.Qxg1 Qd5+ 64.Kb8 Qd6 65.b7 Qe5 66.Qb6
Qf4 67.Ka8 1-0

[Event "53rd World U20 ch"]
[Site "Pune IND"]
[Date "2014.10.18"]
[Round "12.59"]
[White "Stamos, Filippos"]
[Black "Arjun, Satheesh"]
[Result "1/2-1/2"]
[WhiteElo "2076"]
[BlackElo "2004"]
[EventDate "2014.10.06"]
[PlyCount "70"]

1.d4 Nf6 2.Nf3 g6 3.g3 Bg7 4.Bg2 O-O 5.O-O d6 6.a4 Nbd7 7.a5 a6 8.Nc3 e5 
9.e4 Re8 10.Re1 c6 11.h3 Qc7 12.Be3 exd4 13.Nxd4 Ne5 14.Qe2 c5 15.Nb3 Be6 
16.Nd5 Nxd5 17.exd5 Bd7 18.Nd2 f5 19.f4 Nf7 20.c3 Re7 21.Nf3 Rae8 22.Qd2 
Bb5 23.Bf1 Bxf1 24.Kxf1 Qd7 25.Kf2 Qb5 26.Re2 Re4 27.Qc2 h6 28.b3 h5 29.
Ree1 Bf6 30.c4 Qd7 31.Rad1 Qe7 32.Qd3 Qd8 33.Bd2 Qe7 34.Be3 Qd8 35.Bd2 Qe7
1/2-1/2

[Event "53rd World U20 ch"]
[Site "Pune IND"]
[Date "2014.10.18"]
[Round "12.60"]
[White "Ajay Krishna, S"]
[Black "Kumar, Gaurav"]
[Result "0-1"]
[WhiteElo "2072"]
[BlackElo "1945"]
[EventDate "2014.10.06"]
[PlyCount "129"]

1.d4 Nf6 2.Nf3 d5 3.g3 Bf5 4.Bg2 e6 5.O-O Be7 6.c4 c6 7.Nc3 Nbd7 8.Qb3 Qb6
9.c5 Qa6 10.Nd2 b6 11.e4 dxe4 12.Ncxe4 Nd5 13.cxb6 axb6 14.Nc4 O-O 15.Be3 
N7f6 16.Nxf6+ Bxf6 17.Nd6 Bg6 18.Rfc1 b5 19.Ne4 Bxe4 20.Bxe4 Rfc8 21.Qd3 
h6 22.Qe2 Qa4 23.Bc2 Qa7 24.Qg4 Nxe3 25.fxe3 c5 26.Be4 Rab8 27.Rf1 Qe7 28.
Rad1 cxd4 29.exd4 Rc4 30.Bb1 Bxd4+ 31.Kh1 Bxb2 32.Qe2 Qb7+ 33.Qg2 Qxg2+ 
34.Kxg2 Bf6 35.Rf3 Rc3 36.Rf4 b4 37.h4 b3 38.Rf3 bxa2 39.Bxa2 Rb2+ 40.Rf2 
Rxf2+ 41.Kxf2 Rc2+ 42.Kf3 Rxa2 43.h5 Ra3+ 44.Kg4 Be5 45.Kh4 Bxg3+ 46.Kg4 
f5+ 47.Kh3 Bf4+ 48.Kg2 Rg3+ 49.Kh1 Kf7 50.Rd7+ Kf6 51.Rb7 Rh3+ 52.Kg2 Rxh5
53.Kf2 e5 54.Kf3 Rh3+ 55.Kf2 e4 56.Kg2 Rc3 57.Rb6+ Kg5 58.Rb2 Kg4 59.Kf2 
Bg3+ 60.Kg2 f4 61.Kf1 Rc1+ 62.Ke2 f3+ 63.Ke3 Re1+ 64.Kd4 f2 65.Ra2 0-1

[Event "53rd World U20 ch"]
[Site "Pune IND"]
[Date "2014.10.18"]
[Round "12.61"]
[White "Doluweera, Minul Sanjula"]
[Black "Rahul Srivatshav, P."]
[Result "1-0"]
[WhiteElo "1827"]
[BlackElo "2061"]
[EventDate "2014.10.06"]
[PlyCount "129"]

1.c4 Nf6 2.Nc3 e5 3.g3 Bb4 4.Bg2 O-O 5.e3 Bxc3 6.dxc3 e4 7.Ne2 Nc6 8.O-O 
Ne5 9.b3 d6 10.Nf4 Bg4 11.Qc2 Nf3+ 12.Kh1 g5 13.h3 Bf5 14.Bxf3 gxf4 15.
exf4 Bxh3 16.Bg2 Qd7 17.Be3 Rae8 18.Bd4 Nh5 19.Bxe4 Ng7 20.Rfe1 c5 21.
Bxh7+ Kh8 22.Rxe8 Rxe8 23.Bxg7+ Kxg7 24.Be4 Rh8 25.Kg1 Qe6 26.Qd3 Qh6 27.
Qd5 Re8 28.Qxb7 Qf6 29.Rc1 Bc8 30.Qd5 Be6 31.Qh5 Kf8 32.Bf3 Bf5 33.Bd5 Bg6
34.Qf3 Kg7 35.Kg2 Rh8 36.Rh1 Rxh1 37.Kxh1 Bb1 38.a3 a5 39.Qh5 Kf8 40.Kg2 
Bc2 41.b4 cxb4 42.cxb4 axb4 43.axb4 Bg6 44.Qg5 Qb2 45.Qd8+ Kg7 46.Qxd6 Qd2
47.Qe5+ Kg8 48.b5 Qb4 49.Qe8+ Kg7 50.Qc6 Qb1 51.b6 Bd3 52.Qc5 Bf1+ 53.Kh2 
Qh7+ 54.Kg1 Qb1 55.Qd4+ f6 56.b7 Bxc4+ 57.Kh2 Ba6 58.Qe4 Qb6 59.Qe7+ Kg6 
60.Qe8+ Kg7 61.b8=Q Qxf2+ 62.Bg2 Bf1 63.Qc7+ Kh6 64.Qh8+ Kg6 65.Qhh7# 1-0

[Event "53rd World U20 ch"]
[Site "Pune IND"]
[Date "2014.10.18"]
[Round "12.63"]
[White "Deepthamsh, Reddy M."]
[Black "Pranavananda, V."]
[Result "1-0"]
[WhiteElo "2071"]
[BlackElo "2136"]
[EventDate "2014.10.06"]
[PlyCount "73"]

1.d4 d5 2.c4 c6 3.Nf3 Nf6 4.Nc3 e6 5.e3 Nbd7 6.Bd3 Bd6 7.O-O O-O 8.e4 dxc4
9.Bxc4 e5 10.Bg5 Qe7 11.Be2 h6 12.Bh4 Rd8 13.Qc2 g5 14.Bg3 exd4 15.Nxd4 
Bxg3 16.hxg3 Nc5 17.Rad1 Bd7 18.Rfe1 a5 19.e5 Qxe5 20.Bc4 Nfe4 21.Nxe4 
Nxe4 22.Qxe4 Qxe4 23.Rxe4 b5 24.Bf1 b4 25.Rc1 Rdc8 26.Re5 a4 27.Rec5 a3 
28.bxa3 Rxa3 29.Bc4 Kf8 30.Bb3 Ke7 31.Nxc6+ Bxc6 32.Rxc6 Rxc6 33.Rxc6 Ra5 
34.Rxh6 f6 35.Rh7+ Kd6 36.Rf7 Ke5 37.Rb7 1-0